[Event "Match"]
[Site "www.echecsemail.com"]
[Date "2015.03.31"]
[Round "1"]
[White "Oxycontin"]
[Black "Gimmyg"]
[WhiteElo "2070"]
[BlackElo "1990"]
[Result "0-1"]
[Round "1"]
1.d4 d6
2.Ng1f3 c6
3.e3 Bc8g4
4.Bf1e2 Nb8d7
5.O-O e5
6.dxe5 dxe5
7.Nb1c3 Qd8c7
8.b3 Ng8f6
9.Bc1b2 O-O-O
10.Qd1e1 h6
11.Nf3d2 Bg4f5
12.e4 Bf5g6
13.f3 Bf8c5
14.Kh1 a6
15.Nc3a4 Bc5a7
16.c4 Nd7c5
17.Na4xc5 Ba7xc5
18.a3 Bc5e3
19.Ra1d1 h5
20.Nd2b1 Rd8xd1
21.Qe1xd1 h4
22.Qd1d3 Be3a7
23.Rf1d1 Nf6h5
24.h3 Nh5g3
25.Kh2 f5
26.Nb1c3 Ba7d4
27.Rd1d2 Qc7f7
28.Nc3a4 fxe4
29.Qd3c2 exf3
{ resign }
0-1

[Event "1/128 Finale"]
[Site "www.chess-mail.com"]
[Date "2015.03.31"]
[Round "1"]
[White "Samael"]
[Black "Generalfree"]
[WhiteElo "2100"]
[BlackElo "1670"]
[Result "1-0"]
[Round "1"]
1.e4 e5
2.Ng1f3 Nb8c6
3.d3 Bf8c5
4.Nb1c3 h6
5.Bf1e2 f6
6.O-O d6
7.h3 Ng8e7
8.Nc3d5 Ne7xd5
9.exd5 Nc6e7
10.c4 a5
11.Bc1e3 Bc5xe3
12.fxe3 g5
13.Nf3h2 Ne7g6
14.Be2g4 Rh8f8
15.Bg4xc8 Qd8xc8
16.Qd1h5 Kf7
17.Qh5xh6 Rf8h8
18.Qh6xg5 Ng6f4
19.Rf1xf4 exf4
20.Qg5xf4 Qc8g8
21.Kh1 Qg8g6
22.e4 Ra8g8
23.Qf4f3 Rg8g7
24.Ra1f1 b6
25.Rf1f2 Rh8h4
26.Qf3f5 Qg6xf5
27.Rf2xf5 Rg7g5
28.Rf5f2 Rg5h5
29.Kg1 Kg6
30.Nh2g4 Rh4xg4
31.hxg4 Rh5h4
32.Rf2f3 Rh4xg4
33.Kf2 Rg4h4
34.Ke3 a4
35.b4 axb3
36.axb3 Rh4g4
37.Kf2 Rg4h4
38.Rf3g3 Kh5
39.Rg3g7 Rh4f4
40.Ke2 Rf4g4
41.Rg7xg4 Kxg4
42.Kf2 f5
43.g3 Kg5
44.Kf3 fxe4
45.dxe4 Kf6
46.Kf4 { resign }
1-0

[Event "1/16 Finale"]
[Site "www.chess-mail.com"]
[Date "2015.03.31"]
[Round "1"]
[White "Manolinex"]
[Black "Jaroslavpech"]
[WhiteElo "2720"]
[BlackElo "2330"]
[Result "1/2-1/2"]
[Round "1"]
1.d4 d5
2.Ng1f3 Ng8f6
3.c4 e6
4.Nb1c3 c6
5.Bc1g5 h6
6.Bg5xf6 Qd8xf6
7.e3 Nb8d7
8.Qd1c2 Qf6d8
9.Bf1e2 Bf8e7
10.O-O O-O
11.Ra1c1 Nd7f6
12.Rf1d1 b6
13.cxd5 cxd5
14.Nf3e5 Bc8b7
15.Nc3b5 Ra8c8
16.Qc2b3 a6
17.Nb5a7 Rc8xc1
18.Rd1xc1 Be7d6
19.Na7c6 Qd8c7
20.Rc1c2 Rf8c8
21.Be2d3 Bb7xc6
22.Rc2xc6 Qc7d8
23.Qb3c2 Rc8xc6
24.Ne5xc6 Qd8c7
25.g3 a5
26.Kg2 g5
27.a3 Kg7
28.Qc2c1 { draw }
1/2-1/2

[Event "1/32 Finale"]
[Site "www.chess-mail.com"]
[Date "2015.03.31"]
[Round "1"]
[White "Hali"]
[Black "Generalfree"]
[WhiteElo "2180"]
[BlackElo "1850"]
[Result "1-0"]
[Round "1"]
1.e4 e5
2.Nb1c3 c6
3.Bf1c4 Bf8c5
4.Qd1g4 g6
5.d3 d5
6.Qg4g3 Bc5xf2
7.Kxf2 Qd8f6
8.Ng1f3 dxc4
9.Bc1g5 Qf6e6
10.d4 exd4
11.Nf3xd4 Qe6g4
12.Qg3e5 Kf8
13.Bg5e7 Ng8xe7
14.Qe5xh8 Ne7g8
15.Rh1f1 Qg4f4
16.Kg1 Qf4e3
17.Kh1 Bc8g4
18.Qh8xh7 { resign }
1-0

[Event "Tourn. n8078"]
[Site "www.chess-mail.com"]
[Date "2015.04.01"]
[Round "1"]
[White "Xkafi"]
[Black "Liencam2"]
[WhiteElo "2000"]
[BlackElo "2280"]
[Result "0-1"]
[Round "1"]
1.e4 c5
2.Bf1c4 Nb8c6
3.c3 e6
4.f4 a6
5.d4 d5
6.exd5 exd5
7.Bc4e2 Ng8f6
8.Ng1f3 Bf8d6
9.O-O Qd8b6
10.Nf3e5 cxd4
11.cxd4 Nc6xd4
12.Kh1 Nd4xe2
13.Qd1xe2 O-O
14.Nb1c3 Bc8f5
15.g4 Bd6xe5
16.fxe5 Bf5e4
17.Nc3xe4 Nf6xe4
18.Qe2f3 Ra8c8
19.Bc1e3 Qb6xb2
20.Qf3f4 Rc8e8
21.Ra1b1 Qb2xe5
22.Rb1xb7 Ne4d6
23.Rb7b3 Nd6c4
24.Be3d4 Qe5xf4
25.Rf1xf4 Re8e4
26.Rf4xe4 dxe4
27.Kg2 Nc4d2
28.Rb3a3 Rf8a8
29.Kf2 Nd2f3
30.Bd4b6 Nf3xh2
31.Kg3 Nh2f3
32.Kf4 Nf3d2
33.Ra3a4 h6
34.Bb6e3 Nd2f1
35.Ra4xe4 Nf1xe3
36.Kxe3 Kf8
37.Kf4 Ra8e8
38.Re4a4 Re8e6
39.Kf5 g6
40.Kf4 Kg7
41.Ra4a5 f6
42.a3 g5
43.Kf3 Kg6
44.a4 h5
45.gxh5 Kxh5
46.Kg3 Kg6
47.Kg4 f5
48.Kf3 g4
49.Kf4 Re6e4
50.Kg3 Kg5
51.Ra5xa6 Re4e3
52.Kf2 Re3a3
53.a5 Kf4
54.Ra6a8 Ra3a2
55.Kf1 Kf3
56.Ke1 g3
57.a6 g2
58.Ra8g8 g1Q
59.Rg8xg1 Ra2a1
60.Kd2 Ra1xg1
61.Kc3 Rg1a1
{ resign }
0-1

[Event "Tourn. n7997"]
[Site "www.chess-mail.com"]
[Date "2015.04.01"]
[Round "1"]
[White "Samael"]
[Black "Blackpool"]
[WhiteElo "2090"]
[BlackElo "1840"]
[Result "1-0"]
[Round "1"]
1.d4 g6
2.Ng1f3 Bf8g7
3.Nb1c3 d6
4.e3 c6
5.Bf1e2 Ng8f6
6.O-O O-O
7.h3 Qd8c7
8.Bc1d2 e5
9.dxe5 dxe5
10.e4 Rf8e8
11.Rf1e1 Nb8d7
12.a3 Nd7f8
13.Nf3h2 Nf8e6
14.Nh2g4 Ne6d4
15.Ng4xf6 Bg7xf6
16.Ra1b1 Bc8e6
17.Be2d3 Ra8d8
18.Nc3e2 Nd4xe2
19.Qd1xe2 Bf6g7
20.Re1d1 h6
21.Bd3c4 Be6xc4
22.Qe2xc4 Rd8d4
23.Qc4e2 Re8d8
24.Bd2e1 c5
25.Rd1xd4 cxd4
26.f3 Rd8c8
27.c3 b6
28.Rb1d1 Qc7c4
29.Qe2xc4 Rc8xc4
30.Kf2 Bg7f6
31.Ke2 dxc3
32.Be1xc3 Kg7
33.Rd1d5 Rc4c5
34.Rd5xc5 bxc5
35.Kd3 a6
36.Kc4 { resign }
1-0

[Event "Tourn. n7909"]
[Site "www.chess-mail.com"]
[Date "2015.04.01"]
[Round "1"]
[White "Nimzo"]
[Black "Szustan"]
[WhiteElo "2640"]
[BlackElo "2590"]
[Result "1/2-1/2"]
[Round "1"]
1.d4 d5
2.c4 dxc4
3.e4 e5
4.Ng1f3 exd4
5.Bf1xc4 Bf8b4
6.Nb1d2 Nb8c6
7.O-O Ng8f6
8.e5 Nf6d5
9.Nd2b3 Nd5b6
10.Bc4b5 O-O
11.Bb5xc6 bxc6
12.Bc1g5 Bb4e7
13.Bg5xe7 Qd8xe7
14.Ra1c1 Bc8a6
15.Rf1e1 d3
16.Nf3d4 Rf8e8
17.Nd4xc6 Qe7d7
18.Nc6b4 Ba6c4
19.Nb3c5 Qd7f5
20.Nb4xd3 Ra8d8
21.Re1e3 Rd8d5
22.Rc1xc4 Nb6xc4
23.Qd1a4 Re8d8
24.Qa4xc4 Rd5xc5
25.Qc4xc5 Rd8xd3
26.Re3xd3 Qf5xd3
27.h3 Qd3b1
28.Kh2 Qb1xa2
29.Qc5xc7 h6
30.Qc7c8 Kh7
31.Qc8f5 Kg8
32.b4 a6
33.Qf5c8 Kh7
34.Qc8c5 Qa2d2
35.g3 Qd2d3
36.Qc5e3 Qd3c4
37.Qe3d2 Kg6
38.Qd2d1 Kf5
39.Qd1d6 { draw }
1/2-1/2

[Event "Tourn. n7885"]
[Site "www.chess-mail.com"]
[Date "2015.04.01"]
[Round "1"]
[White "Xkafi"]
[Black "Julian"]
[WhiteElo "2030"]
[BlackElo "2040"]
[Result "0-1"]
[Round "1"]
1.e4 c5
2.Bf1c4 e6
3.d4 cxd4
4.Qd1xd4 Nb8c6
5.Qd4d1 d6
6.Nb1c3 a6
7.Ng1f3 b5
8.Bc4d3 Ng8f6
9.h3 Bf8e7
10.g4 O-O
11.g5 Nf6d7
12.h4 Bc8b7
13.Bc1e3 Ra8c8
14.Nf3d4 Nd7e5
15.Nd4xc6 Bb7xc6
16.Bd3e2 f6
17.Rh1g1 d5
18.exd5 Bc6xd5
19.f4 Ne5c4
20.Be3c1 Qd8b6
21.Rg1g3 fxg5
22.hxg5 Be7c5
23.Nc3xd5 exd5
24.Rg3g2 Qb6e6
25.Qd1d3 Bc5e3
26.Rg2h2 g6
27.Bc1xe3 Nc4xe3
28.c3 Rf8xf4
29.Kd2 Ne3c4
30.Kc2 b4
31.Ra1h1 Rc8c7
32.Kb1 Nc4e5
33.Qd3xa6 Qe6xa6
34.Be2xa6 bxc3
35.bxc3 Rf4a4
36.Ba6e2 Rc7b7
37.Ka1 Rb7a7
38.Be2b5 Ra4a5
39.Bb5f1 Ne5g4
40.Rh2e2 Ra5a3
41.Kb2 Ra3xa2
42.Kb3 Ra2xe2
43.Bf1xe2 Ng4f2
44.Rh1h4 Nf2e4
45.Be2d3 Ne4c5
46.Kc2 Ra7a2
47.Kb1 Ra2g2
48.Bd3b5 Rg2xg5
49.Rh4h3 h5
50.Bb5c6 Nc5e6
51.Kc2 Ne6c5
52.Kd2 Nc5e4
53.Kc2 Rg5g2
54.Kb3 Ne4d2
55.Kb4 Rg2g5
56.Rh3d3 Nd2b1
57.Bc6xd5 Kg7
58.c4 Rg5e5
59.c5 g5
60.c6 Re5e2
61.Bd5f3 Re2b2
62.Kc5 Rb2c2
63.Kd6 Nb1c3
64.Bf3xh5 Nc3b5
65.Kd7 Kf6
66.Rd3d5 Nb5a7
67.c7 Rc2h2
68.Bh5g4 Rh2h7
69.Kd6 Rh7h8
70.Rd5a5 Na7c8
71.Kd7 Nc8b6
72.Kc6 Nb6c8
73.Ra5a4 Nc8e7
74.Kb7 Ke5
75.Ra4a1 Kf4
76.Bg4e6 g4
77.Ra1d1 g3
78.Rd1d8 Rh8h6
79.Rd8f8 Ke5
80.Be6d7 g2
81.Rf8f7 g1Q
82.Rf7xe7 Kd5
83.c8Q Qg1b6
84.Ka8 Qb6a5
85.Kb8 Rh6b6
86.Qc8b7 Rb6xb7
87.Kxb7 Kd6
88.Re7h7 Qa5d5
89.Kc8 Qd5g8
{ resign }
0-1

[Event "Tourn. n8030"]
[Site "www.chess-mail.com"]
[Date "2015.04.01"]
[Round "1"]
[White "Groz"]
[Black "Gambitplayer"]
[WhiteElo "1809"]
[BlackElo "1620"]
[Result "1-0"]
[Round "1"]
1.e4 e5
2.Ng1f3 Ng8f6
3.Nf3xe5 d6
4.Ne5f3 Nf6xe4
5.Qd1e2 Qd8e7
6.d3 Ne4f6
7.Nb1c3 Qe7xe2
8.Bf1xe2 c6
9.O-O d5
10.Rf1e1 Bf8e7
11.Be2f1 Kf8
12.h3 Be7b4
13.Bc1d2 h6
14.a3 Bb4d6
15.Re1e2 Bc8d7
16.Ra1e1 Nb8a6
17.g3 Ra8e8
18.Re2xe8 Bd7xe8
19.d4 Na6c7
20.Nf3e5 Nc7e6
21.f4 Nf6d7
22.Nc3e2 f6
23.Ne5d3 Nd7b6
24.Bd2c1 Be8g6
25.Re1d1 Bg6e4
26.Bf1g2 Be4xg2
27.Kxg2  { time }
1-0

[Event "Tourn. n8134"]
[Site "www.chess-mail.com"]
[Date "2015.04.01"]
[Round "1"]
[White "Oliverio"]
[Black "Olddog55"]
[WhiteElo "1540"]
[BlackElo "1690"]
[Result "1-0"]
[Round "1"]
1.e4 e5
2.f4 exf4
3.Ng1f3 g6
4.d4 d5
5.exd5 Qd8xd5
6.Bc1xf4 Bf8e7
7.c4 Qd5e4
8.Bf1e2 Qe4xf4
9.O-O Ng8f6
10.Kh1 Nf6g4
11.Nb1c3 Ng4e3
12.Qd1d2 Ne3xg2
13.Kxg2 Qf4xd2
14.Nf3xd2 Nb8c6
15.Nc3d5 Be7d6
16.c5 Bd6e7
17.Nd5xc7 Kd8
18.Nc7xa8 Nc6xd4
19.Be2f3 Be7xc5
20.Nd2e4 Bc5e7
21.Ra1d1 Bc8e6
22.Rd1xd4 Kc8
23.Rf1c1 Kb8
24.Na8c7 Be6xa2
25.Rd4d7 f5
26.Nc7a6 bxa6
27.Ne4d6 Be7xd6
28.Rd7b7 Ka8
29.Rb7b3 { resign }
1-0

[Event "Tourn. n8121"]
[Site "www.chess-mail.com"]
[Date "2015.04.01"]
[Round "1"]
[White "Blackpool"]
[Black "T9l9"]
[WhiteElo "1960"]
[BlackElo "1899"]
[Result "0-1"]
[Round "1"]
1.e4 c5
2.Nb1c3 Nb8c6
3.g3 g6
4.Bf1g2 Bf8g7
5.Ng1e2 d6
6.f4 e5
7.O-O Ng8e7
8.d3 O-O
9.h3 f5
10.Kh2 Bc8e6
11.fxe5 dxe5
12.Bc1g5 Qd8d7
13.Qd1d2 Nc6d4
14.Bg5xe7 Qd7xe7
15.exf5 gxf5
16.Nc3d5 Qe7d7
17.Ne2c3 Ra8d8
18.Nd5e3 f4
19.gxf4 exf4
20.Ne3d5 f3
{ resign }
0-1

[Event "Tourn. n7959"]
[Site "www.chess-mail.com"]
[Date "2015.04.01"]
[Round "1"]
[White "Generalfree"]
[Black "Blackpool"]
[WhiteElo "1800"]
[BlackElo "1830"]
[Result "1-0"]
[Round "1"]
1.e4 Ng8f6
2.e5 Nf6d5
3.c4 Nd5b6
4.Nb1c3 d6
5.f4 g6
6.Ng1f3 Bf8g7
7.d4 O-O
8.h3 c6
9.b3 dxe5
10.fxe5 a5
11.a4 e6
12.c5 Nb6d5
13.Nc3xd5 exd5
14.Bc1g5 f6
15.Bg5xf6 Bg7xf6
16.exf6 Qd8xf6
17.Bf1e2 Bc8f5
18.g4 Bf5e4
19.Rh1f1 Nb8d7
20.h4 Ra8e8
21.Nf3g5 Qf6g7
22.Rf1xf8 Re8xf8
23.Ng5e6 Qg7h6
24.Ne6xf8 Qh6xh4
25.Kd2 Nd7xf8
26.Be2d3 Qh4g5
27.Kc3 Be4xd3
28.Kxd3 Nf8e6
29.Ra1a2 Qg5f4
30.Qd1g1 Kg7
31.Ra2g2 Qf4g5
32.Rg2h2 Ne6f4
33.Kc3 Qg5e7
34.Kd2 Qe7e4
35.Qg1e3 Qe4xe3
36.Kxe3 g5
37.Rh2h1 Kg6
38.Kf3 h6
39.Rh1e1 Kf6
40.Re1e8 Nf4d3
41.Re8b8 { resign }
1-0

[Event "Tourn. n8128"]
[Site "www.chess-mail.com"]
[Date "2015.04.01"]
[Round "1"]
[White "Passaroa25"]
[Black "Wildtiger"]
[WhiteElo "1590"]
[BlackElo "1539"]
[Result "1/2-1/2"]
[Round "1"]
1.e4 d5
2.Nb1c3 d4
3.Nc3d5 Nb8c6
4.a3 e6
5.Nd5f4 Bf8d6
6.Ng1e2 g5
7.Nf4h5 Ng8f6
8.Ne2g3 O-O
9.b4 Bd6e7
10.f3 a5
11.b5 Nc6e5
12.d3 Bc8d7
13.a4 Bd7e8
14.Bc1d2 Nf6xh5
15.Ng3xh5 f5
16.Nh5g3 Ra8c8
17.Bf1e2 fxe4
18.Ng3xe4 b6
19.c4 g4
20.f4 Ne5g6
21.g3 c6
22.Be2xg4 Be8f7
{ draw }
1/2-1/2

[Event "Tourn. n8156"]
[Site "www.chess-mail.com"]
[Date "2015.04.01"]
[Round "1"]
[White "Goga"]
[Black "Duff"]
[WhiteElo "1980"]
[BlackElo "1850"]
[Result "1-0"]
[Round "1"]
1.d4 Ng8f6
2.c4 e6
3.Bc1g5 Bf8e7
4.Nb1c3 O-O
5.Ng1f3 d5
6.e3 Nb8d7
7.h3 c5
8.Bf1e2 Qd8b6
9.Qd1c2 h6
10.Bg5h4 Rf8e8
11.O-O Qb6c7
12.Bh4g3 Be7d6
13.Nc3b5 { resign }
1-0

[Event "Tourn. n8104"]
[Site "www.chess-mail.com"]
[Date "2015.04.01"]
[Round "1"]
[White "Hundegana"]
[Black "Odin"]
[WhiteElo "1940"]
[BlackElo "1810"]
[Result "1-0"]
[Round "1"]
1.e4 e5
2.Ng1f3 Ng8f6
3.Nb1c3 Bf8b4
4.a3 Bb4xc3
5.dxc3 d6
6.h3 Nb8d7
7.Bf1c4 O-O
8.O-O h6
9.b4 Nf6xe4
10.Rf1e1 Ne4xc3
11.Qd1d3 Nc3a4
12.Bc4b3 Na4b6
13.c3 Nd7f6
14.Bc1b2 e4
15.Re1xe4 Nf6xe4
16.Qd3xe4 Rf8e8
17.Qe4f4 Bc8e6
18.Bb3c2 Nb6d5
19.Qf4d2 Nd5f6
20.a4 b6
21.Nf3d4 Be6c4
22.Bc2d3 Bc4d5
23.f3 c5
24.Nd4f5 Nf6h5
25.Nf5xh6 gxh6
26.Qd2xh6 Nh5g7
27.c4 f6
28.Qh6h7 Kf7
29.Bd3g6 Kf8
30.Qh7h8 Ke7
31.Qh8xg7 Ke6
32.Ra1e1 Bd5e4
33.Re1xe4 
1-0

[Event "Tourn. n8123"]
[Site "www.chess-mail.com"]
[Date "2015.04.01"]
[Round "1"]
[White "Cathar"]
[Black "Aperturaf"]
[WhiteElo "2230"]
[BlackElo "2430"]
[Result "1-0"]
[Round "1"]
1.d4 d5
2.c4 e6
3.Nb1c3 Ng8f6
4.cxd5 exd5
5.Bc1g5 Bf8e7
6.e3 c6
7.Bf1d3 Nb8d7
8.Qd1c2 O-O
9.Ng1f3 h6
10.Bg5f4 Nf6h5
11.Bf4e5 Nd7xe5
12.dxe5 Bc8g4
13.Bd3f5 Bg4xf3
14.gxf3 Qd8c7
15.f4 d4
16.exd4 Nh5xf4
17.Qc2e4 Nf4d5
18.O-O Ra8d8
19.Kh1 Qc7a5
20.Nc3e2 Kh8
21.Rf1g1 Qa5d2
22.Ra1d1 Qd2xb2
23.Qe4g4 Rf8g8
24.Rd1d3 b6
25.Rd3h3 Qb2d2
26.Bf5b1 a6
27.f4 { resign }
1-0

[Event "Match"]
[Site "www.echecsemail.com"]
[Date "2015.04.01"]
[Round "1"]
[White "Kai1"]
[Black "Mourinho01"]
[WhiteElo "1650"]
[BlackElo "1999"]
[Result "0-1"]
[Round "1"]
1.e4 c5
2.Ng1f3 Nb8c6
3.c3 e6
4.g3 d5
5.d3 Ng8f6
6.Bc1e3 Bf8d6
7.Nb1d2 Qd8b6
8.b3 d4
9.Nd2c4 Qb6d8
10.cxd4 cxd4
11.Be3xd4 Bd6b4
12.Nc4d2 Nc6xd4
13.Bf1e2 Nd4xf3
14.Be2xf3 Qd8xd3
15.Bf3e2 Qd3xe4
16.f3 Qe4d5
17.a3 Bb4c5
18.b4 Bc5b6
19.Be2c4 Qd5d4
20.Rh1f1 O-O
21.Ra1c1 Rf8d8
22.Rc1c2 Qd4e3
23.Qd1e2 Qe3xa3
24.b5 Qa3a1
25.Qe2d1 Qa1xd1
26.Kxd1 Nf6d5
27.Bc4xd5 Rd8xd5
28.Rf1e1 Bc8d7
29.Re1e4 Bd7xb5
30.Kc1 Bb5d3
{ resign }
0-1

[Event "Match"]
[Site "www.echecsemail.com"]
[Date "2015.04.01"]
[Round "1"]
[White "Gatoss"]
[Black "Kesalon"]
[WhiteElo "1860"]
[BlackElo "1830"]
[Result "0-1"]
[Round "1"]
1.d4 Ng8f6
2.c4 e6
3.Nb1c3 Bf8b4
4.Qd1c2 d5
5.e3 Nf6e4
6.Bc1d2 Ne4xd2
7.Qc2xd2 c5
8.a3 Bb4xc3
9.Qd2xc3 Nb8c6
10.Ng1f3 b6
11.Bf1d3 O-O
12.O-O Bc8b7
13.Qc3c2 h6
14.Nf3e5 Ra8c8
15.f4 cxd4
16.Ne5xc6 Rc8xc6
17.Qc2a4 dxc4
18.Bd3xc4 Qd8c7
19.Bc4b5 Rc6c2
20.Qa4xd4 Rf8d8
21.Qd4a4 Rc2xg2
22.Kh1 Rg2xb2
23.Kg1 Rd8d2
24.Rf1c1 Rd2g2
25.Kf1 Qc7d6
26.Rc1d1 Rb2d2
{ resign }
0-1

[Event "Match"]
[Site "www.echecsemail.com"]
[Date "2015.04.01"]
[Round "1"]
[White "Nugun"]
[Black "Generalfree"]
[WhiteElo "1580"]
[BlackElo "1820"]
[Result "0-1"]
[Round "1"]
1.c4 e6
2.Nb1c3 Bf8c5
3.e3 Ng8f6
4.Ng1e2 b6
5.g3 Bc8b7
6.Rh1g1 Nb8c6
7.Bf1g2 d5
8.d4 Bc5b4
9.Ne2f4 dxc4
10.f3 Bb4xc3
11.bxc3 a5
12.Kf2 g5
13.Bc1a3 gxf4
14.exf4 Nf6d5
15.Qd1e2 Nd5xc3
16.Qe2xc4 Qd8xd4
17.Qc4xd4 Nc6xd4
18.Ba3b2 Nc3b5
19.a4 O-O-O
20.axb5 Rh8e8
21.Ra1d1 Nd4xb5
22.Rd1c1 Rd8d2
23.Kf1 Rd2xb2
24.Bg2h3 Bb7xf3
25.Rc1e1 Nb5d4
26.Bh3g2 Bf3xg2
27.Rg1xg2 Rb2xg2
28.Kxg2 Re8d8
29.h4 Nd4c2
30.Re1e2 Nc2d4
31.Re2d2 a4
32.Kf2 Nd4b3
33.Rd2e2 Rd8d2
34.Re2xd2 Nb3xd2
35.g4 a3
36.h5 a2
37.g5 a1Q
38.Kg3 Qa1g1
39.Kh3 Nd2f3
40.f5 exf5
41.g6 Qg1g4

0-1

[Event "Match"]
[Site "www.echecsemail.com"]
[Date "2015.04.01"]
[Round "1"]
[White "F14"]
[Black "Guidom"]
[WhiteElo "1900"]
[BlackElo "2090"]
[Result "0-1"]
[Round "1"]
1.d4 d5
2.Ng1f3 c6
3.c4 e6
4.Nb1c3 Bf8b4
5.Qd1c2 Ng8f6
6.Bc1d2 Nb8d7
7.cxd5 exd5
8.e3 O-O
9.Bf1e2 Bb4xc3
10.bxc3 Nf6e4
11.Bd2c1 Nd7f6
12.Nf3e5 Bc8f5
13.Be2d3 Qd8d6
14.O-O b5
15.a4 a6
16.Bc1a3 c5
17.Ne5f3 Bf5g6
18.dxc5 Ne4xc5
19.Bd3xg6 hxg6
20.axb5 axb5
21.Ba3xc5 Qd6xc5
22.Ra1xa8 Rf8xa8
23.Qc2b2 Nf6e4
24.h3 Ra8a3
25.Rf1a1 Ra3xc3
26.Nf3e5 Rc3c2
27.Ra1a8 Kh7
28.Ne5xf7 g5
29.Ra8h8 Kg6
30.Nf7e5 Kf5
31.Ne5d3 Rc2xb2
32.Nd3xc5 Ne4xc5
33.Rh8f8 Ke5
34.Rf8c8 Nc5e6
35.f3 b4
36.Kh2 b3
37.Rc8b8 Rb2b1
38.Kg3 b2
39.Rb8b7 Ne6c5
40.Rb7b5 Nc5d3
41.e4 Rb1c1
42.Rb5xd5 Kf6
43.Rd5f5 Kg6
{ resign }
0-1

[Event "Match"]
[Site "www.echecsemail.com"]
[Date "2015.04.01"]
[Round "1"]
[White "Anthony61"]
[Black "Generalfree"]
[WhiteElo "1459"]
[BlackElo "1840"]
[Result "0-1"]
[Round "1"]
1.e4 e5
2.Ng1f3 Nb8c6
3.Bf1c4 Ng8f6
4.d3 Bf8c5
5.O-O a6
6.a3 b5
7.Bc4a2 d6
8.Bc1g5 h6
9.Bg5e3 Bc5xe3
10.fxe3 O-O
11.Nb1c3 Nf6g4
12.Qd1e2 b4
13.axb4 Nc6xb4
14.Ba2d5 c6
15.Bd5b3 Qd8b6
16.Nc3d1 g5
17.h3 Ng4f6
18.Nf3xg5 Kg7
19.Rf1xf6 Kxf6
20.Ng5h7 Kg7
21.Nh7xf8 Kxf8
 { time }
0-1

[Event "Match"]
[Site "www.echecsemail.com"]
[Date "2015.04.01"]
[Round "1"]
[White "Chessjoker40"]
[Black "Calponas"]
[WhiteElo "1809"]
[BlackElo "2020"]
[Result "0-1"]
[Round "1"]
1.e4 c5
2.Ng1f3 d6
3.d4 cxd4
4.Nf3xd4 Ng8f6
5.Nb1c3 a6
6.Bc1e3 e5
7.Nd4f3 h6
 { time }
0-1

[Event "Match"]
[Site "www.echecsemail.com"]
[Date "2015.04.01"]
[Round "1"]
[White "Powerchess"]
[Black "Alanocturna"]
[WhiteElo "1360"]
[BlackElo "1600"]
[Result "1/2-1/2"]
[Round "1"]
1.e4 g6
2.d4 Bf8g7
3.g3 Ng8f6
4.Bf1g2 O-O
5.e5 Nf6h5
6.Ng1e2 d6
7.f4 Bc8g4
8.Bg2xb7 Nb8c6
9.Bb7xc6 Ra8b8
10.O-O dxe5
11.fxe5 Rb8b6
12.Bc6f3 Bg4xf3
13.Rf1xf3 f5
14.c3 c5
15.Rf3d3 cxd4
16.cxd4 e6
17.Nb1c3 Qd8d7
18.b3 Rf8c8
19.Bc1b2 Bg7f8
20.Ra1c1 a5
21.Nc3a4 Rc8xc1
22.Bb2xc1 Rb6c6
23.Bc1b2 Bf8b4
{ draw }
1/2-1/2

[Event "1/64 Finale"]
[Site "www.chess-mail.com"]
[Date "2015.04.01"]
[Round "1"]
[White "Spartacus42"]
[Black "Badplayer"]
[WhiteElo "2030"]
[BlackElo "2250"]
[Result "0-1"]
[Round "1"]
1.e4 c5
2.Nb1c3 Nb8c6
3.g3 b6
4.Bf1g2 Bc8b7
5.d3 g6
6.f4 Bf8g7
7.Ng1f3 d6
8.O-O e6
9.Nc3e2 Ng8e7
10.c3 O-O
11.Bc1e3 a5
12.Qd1d2 b5
13.g4 b4
14.h4 Qd8c7
15.Bg2h3 Bb7a6
16.f5 exf5
17.exf5 gxf5
18.gxf5 Ra8e8
19.Ne2g3 Nc6e5
20.Nf3xe5 Bg7xe5
21.Ng3h5 Kh8
22.Kh1 Ba6b7
23.Bh3g2 Rf8g8
24.Rf1f2 Ne7xf5
25.Be3f4 Rg8g4
26.Kg1 Nf5xh4
 { time }
0-1

[Event "1/64 Finale"]
[Site "www.chess-mail.com"]
[Date "2015.04.01"]
[Round "1"]
[White "Naujzaid"]
[Black "Gambitchess"]
[WhiteElo "2130"]
[BlackElo "1660"]
[Result "1/2-1/2"]
[Round "1"]
1.d4 d5
2.c4 e6
3.Nb1c3 c5
4.cxd5 exd5
5.Ng1f3 Ng8f6
6.g3 h6
7.Bf1g2 Nb8c6
8.O-O Bf8d6
9.Bc1e3 c4
10.h3 O-O
11.Ra1c1 a6
12.Rf1e1 Rf8e8
13.Qd1d2 Bd6b4
14.a3 Nf6e4
15.Qd2c2 Ne4xc3
16.axb4 Nc3e4
17.Be3d2 Bc8f5
18.Qc2d1 Qd8b6
19.g4 Bf5e6
20.g5 hxg5
21.Nf3xg5 Ne4xg5
22.Bd2xg5 Qb6xd4
23.Qd1xd4 Nc6xd4
24.Rc1d1 Nd4c6
25.Bg2xd5 Be6xd5
26.Rd1xd5 f6
27.Bg5d2 Ra8d8
28.Rd5xd8 Re8xd8
29.Bd2c3 Kf7
30.Kg2 Ke6
31.Kf3 g5
32.Kg4 Nc6e5
33.Kg3 Rd8d5
{ draw }
1/2-1/2

[Event "Eq:Equipo Juan Diaz-Helvetica B : "]
[Site "www.chess-mail.com"]
[Date "2015.04.01"]
[Round "1"]
[White "Ecijaajedrez"]
[Black "E4player"]
[WhiteElo "2590"]
[BlackElo "2410"]
[Result "1/2-1/2"]
[Round "1"]
1.d4 Ng8f6
2.c4 e5
3.dxe5 Nf6g4
4.Ng1f3 Bf8c5
5.e3 Nb8c6
6.Bc1d2 O-O
7.Bd2c3 Rf8e8
8.Bf1e2 Ng4xe5
9.Nf3xe5 Nc6xe5
10.O-O a5
11.Bc3d4 Bc5xd4
12.exd4 Ne5g6
13.Nb1c3 d6
14.Qd1d2 c6
15.Rf1e1 Bc8f5
16.Be2d3 Qd8d7
17.g3 h5
18.Nc3e4 Re8e7
19.Re1e3 Ra8e8
20.Ra1e1 b6
21.Qd2c2 Bf5g4
22.Qc2b3 Qd7d8
23.c5 d5
24.Ne4d6 Re7xe3
25.fxe3 bxc5
26.Nd6xf7 Qd8f6
27.Qb3c2 Ng6f4
28.gxf4 Kxf7
29.Qc2xc5 { draw }
1/2-1/2

[Event "Eq:BEAC Hungary-CONFOEDERATIONIS HELVETICAE : "]
[Site "www.chess-mail.com"]
[Date "2015.04.01"]
[Round "1"]
[White "Odin"]
[Black "Bigrezi"]
[WhiteElo "1810"]
[BlackElo "1750"]
[Result "1-0"]
[Round "1"]
1.e4 d6
2.d4 Ng8f6
3.Nb1d2 g6
4.g3 Bc8g4
5.f3 Bg4d7
6.Bf1c4 Bf8g7
7.Ng1e2 O-O
8.b3 c5
9.c3 Nb8c6
10.a3 a6
11.b4 cxd4
12.cxd4 b5
13.Bc4a2 Qd8b6
14.Nd2b3 e6
15.Bc1g5 Ra8d8
16.Qd1c1 Rd8c8
17.Qc1e3 e5
18.dxe5 Nc6xe5
19.Qe3xb6 Rc8c6
20.Qb6e3 Ne5c4
21.Qe3a7 Bd7e6
22.Ne2d4 Rc6c7
23.Qa7xc7 { resign }
1-0

[Event "Eq:Helvetica B-Los Tercios : "]
[Site "www.chess-mail.com"]
[Date "2015.04.01"]
[Round "1"]
[White "Hrob71"]
[Black "Desiderio"]
[WhiteElo "2040"]
[BlackElo "1970"]
[Result "1-0"]
[Round "1"]
1.e4 d5
2.exd5 Qd8xd5
3.Nb1c3 Qd5a5
4.d4 c6
5.Ng1f3 Bc8f5
6.Bc1d2 Qa5c7
7.Bf1c4 e6
8.O-O Ng8f6
9.h3 Bf8e7
10.Ra1c1 Nb8d7
11.Qd1e2 O-O-O
12.a3 Nf6d5
13.Rf1e1 Nd7f6
14.Nf3e5 Be7d6
15.f4 Nd5xc3
16.bxc3 Nf6d5
17.Rc1b1 f6
18.Rb1xb7 Bd6xe5
19.Rb7xc7 Be5xc7
20.Bc4xd5 cxd5
21.Qe2a6 Kd7
22.g4 Bf5e4
23.c4 Rd8b8
24.Qa6a4 Kd8
25.Qa4xa7 Kd7
26.Bd2a5 Rb8c8
27.c5 Kc6
28.Re1b1 Rh8d8
29.Qa7b7 Kd7
30.c6 Kd6
31.Ba5b4 { resign }
1-0

[Event "Eq:Helvetica B-Los Tercios : "]
[Site "www.chess-mail.com"]
[Date "2015.04.01"]
[Round "1"]
[White "Desiderio"]
[Black "Hrob71"]
[WhiteElo "1970"]
[BlackElo "2040"]
[Result "0-1"]
[Round "1"]
1.d4 d5
2.Ng1f3 Nb8c6
3.Bc1f4 e6
4.e3 Bf8d6
5.Bf4xd6 cxd6
6.Bf1d3 e5
7.dxe5 dxe5
8.Bd3e2 Ng8f6
9.O-O O-O
10.c3 h6
11.Nb1d2 Qd8e7
12.h3 Bc8e6
13.Rf1e1 Qe7d7
14.Be2b5 Qd7c7
15.Ra1c1 Ra8d8
16.Qd1e2 e4
17.Nf3d4 Nc6e5
18.Nd4xe6 fxe6
19.c4 Ne5d3
20.cxd5 Nd3xc1
21.Qe2d1 Rd8xd5
22.Qd1xc1 Qc7xc1
23.Re1xc1 Rd5xd2
24.Bb5c4 Nf6d5
25.Bc4b3 Rf8xf2
26.Rc1c8 Kh7
27.Bb3c2 Rf2xg2
28.Kh1 Rg2h2
29.Kg1 Rd2g2
30.Kf1 Nd5xe3
{ resign }
0-1

[Event "Eq:Angels of Checkmate-La Taverne : "]
[Site "www.chess-mail.com"]
[Date "2015.04.01"]
[Round "1"]
[White "Guidom"]
[Black "Azulmarino"]
[WhiteElo "2020"]
[BlackElo "1570"]
[Result "1-0"]
[Round "1"]
1.e4 e5
2.Ng1f3 d6
3.Bf1c4 h6
4.O-O Ng8f6
5.d4 Nf6xe4
6.dxe5 Bc8g4
7.Qd1d5 Bg4e6
8.Qd5xb7 Nb8d7
9.Qb7xe4 Nd7c5
10.Qe4c6 Be6d7
11.Qc6d5 Bd7e6
12.Qd5d4 Be6xc4
13.Qd4xc4 Qd8e7
14.Nb1c3 f6
15.Nc3d5 Qe7d7
16.exf6 c6
17.Rf1e1 Kd8
18.fxg7 Bf8xg7
19.Qc4h4 Kc8
20.Nd5e7 Kc7
21.Bc1d2 Bg7xb2
22.Ra1b1 Bb2g7
23.Bd2a5 { resign }
1-0

[Event "Fast Game"]
[Site "www.echecsemail.com"]
[Date "2015.04.01"]
[Round "1"]
[White "Chessmith19"]
[Black "E4player"]
[WhiteElo "2180"]
[BlackElo "2099"]
[Result "1-0"]
[Round "1"]
1.e4 c5
2.Ng1f3 g6
3.Nb1c3 Bf8g7
4.d4 Qd8a5
5.Bf1e2 cxd4
6.Nf3xd4 Nb8c6
7.Bc1e3 Ng8f6
8.O-O O-O
9.Nd4b3 Qa5d8
10.f3 d6
11.Nc3d5 e6
12.Nd5xf6 Qd8xf6
13.c3 Qf6e7
14.a4 Rf8d8
15.f4 Bg7h6
16.Qd1d3 e5
17.f5 Bh6xe3
18.Qd3xe3 gxf5
19.exf5 Qe7f6
20.Nb3d2 d5
21.Be2h5 b6
22.c4 Nc6b4
23.Qe3c3 a5
24.Ra1e1 Bc8b7
25.Qc3g3 Kh8
26.Nd2f3 e4
27.Nf3e5 Rd8f8
28.Ne5d7 Qf6d4
29.Kh1 Rf8g8
30.Qg3c7 Qd4g7
31.g3 f6
32.Qc7xb7 Rg8b8
33.Qb7c7 Rb8d8
34.Qc7xb6 Rd8xd7
35.cxd5 Rd7b7
36.Qb6g1 Qg7g5
37.Bh5d1 Nb4xd5
38.Bd1c2 e3
39.Qg1g2 Rb7d7
40.Bc2b3 Ra8d8
41.Re1d1 Nd5b6
42.Qg2e4 Rd7xd1
43.Rf1xd1 Rd8xd1
44.Bb3xd1 e2
45.Bd1xe2 Qg5c1
46.Kg2 Qc1xb2
47.Kf2  { time }
1-0